000 01711cam a2200469 a 4500
001 21600
003 VRT
005 20260306134712.0
008 160430s2015 xr a a 000 1 slo
015 _aSNBZSA2015
020 _a9788000038858 (viaz.)
039 9 _a201702241244
_bmvkhe01
_c201604300436
_dVLOAD
_c201604292222
_dVLOAD
_c201604261845
_dVLOAD
040 _aSNK
_bslo
_cSNK
_eAACR2
041 1 _aslo
_hcze
044 _axr
_cCZ
072 7 _a821-93
_xLiteratúra pre deti a mládež
_2konspekt
072 7 _a821.162.3
_xČeská literatúra
_2konspekt
080 _a821-93
_22001
080 _a821.162.3-32
_22001
080 _a(0:82-32)
_22001
100 1 _aMiler, Zdeněk,
_d1921-2011
_4aut
_4ill
245 1 0 _aKrtkov týždeň
_cZdeněk Miler, Kateřina Miler, Michal Černík ;[ilustrácie Zdeněk Miler, Kateřina Miler ; verše Michal Černík ; do slovenčiny prebásnil Marián Heveši]
250 _a3. slov. vyd.
260 _aV Prahe
_bAlbatros
_c2015
300 _a[12] s.
_bfareb. ilustr.
_c15 x 16 cm
500 _aKartonové listy
500 _aObalový názov
655 7 _aleporelá
_2SNKPH
655 7 _apublikácie pre deti
_2SNKPH
655 7 _aPicture books for children
_2SNKPHeng
655 7 _aChildren's literature
_2SNKPHeng
655 7 _ačeské príbehy
_2SNKPH
655 7 _aCzech stories
_2SNKPHeng
700 1 _aČerník, Michal,
_d1943-
_4aut
_4ill
700 1 _aHeveši, Marián,
_d1947-
_4trl
700 1 _aMiler, Kateřina
_4aut
_4ill
752 _aČesko
_dPraha
910 _asnk
910 _ahevk
942 _2ddc
_cKLDE
_n0
949 _617A1167401
_asnkOSE 5053
_bsnk2015/18846
_oVydavatelství a nakladatelství Aleš Čeněk30-ah/17Int. č. fa – 25/2015
999 _c21600
_d21600